| 000 | 00474nam a2200205Ia 4500 | ||
|---|---|---|---|
| 999 |
_c99826 _d99826 |
||
| 003 | 0100 | ||
| 005 | 20180308150424.0 | ||
| 008 | 130307s9999 xx 000 0 und d | ||
| 020 | _a0869222473 | ||
| 040 | _cARRUPELIB | ||
| 050 | _aDT962.42.P66 1983 | ||
| 100 |
_aPongweni, Alec J. C _923040 |
||
| 245 |
_aWhat's in a name? _ba study of Shona nomenclature / |
||
| 260 |
_aGweru Zimbabwe : _bMambo Press _c1983. |
||
| 300 | _a98 p. | ||
| 300 | _b22 cm. | ||
| 650 |
_aNames, Shona _940398 |
||
| 650 |
_aShona language _xEtymology _xNames _940399 |
||
| 650 |
_aShona (African people) _xSocial life and customs _930981 |
||
| 942 | 0 | 0 |
_01 _2lcc _cMONOGRAPH |